000 00825nam a2200289Ia 4500
005 20260324122038.0
008 008 260324s9999 xx 000 0 eng d
020 _a9780429227660
037 _aEBOOK
040 _aCRL
040 _beng
040 _cCRL
041 _2eng
041 _aeng
084 _qCRL
100 _aWenli Yao; Hsiang-Chuan Liu; Wen-Pei Sung
_91157564
245 0 _aInformation Technology and Computer Application Engineering
245 0 _bProceedings of the International Conference on Information Technology and Computer Application Engineering (ITCAE 2013)
260 _bTaylor and Francis
260 _c2013
365 _a
365 _b720
856 _uhttp://www.taylorfrancis.com/books/9780429227660
942 _cEBOOK
999 _c1757365
_d1757365